Najlepší hotel na svete má Slovák
Podľa hodnotenia portálu TripAdvisor je aktuálne najlepším hotelom Aria Hotel Budapest v Maďarsku. Hotel išpirovaný hudbou. Najlepším marketingom je nadšený hosť. Majiteľom hotela je Henry Kallan, slovenský rodák.
Salvato in:
| Autore principale: | |
|---|---|
| Natura: | Capitolo di libro |
| Lingua: | slovacco |
| Soggetti: | |
| Tags: |
Nessun Tag, puoi essere il primo ad aggiungerne!!
|
MARC
| LEADER | 00000naa a2200000 4500 | ||
|---|---|---|---|
| 001 | 0229081 | ||
| 005 | 20221104111552.3 | ||
| 041 | 0 | |a slo | |
| 044 | |a SK | ||
| 245 | 1 | 0 | |a Najlepší hotel na svete má Slovák |c Zlatica Kramárová |
| 520 | |a Podľa hodnotenia portálu TripAdvisor je aktuálne najlepším hotelom Aria Hotel Budapest v Maďarsku. Hotel išpirovaný hudbou. Najlepším marketingom je nadšený hosť. Majiteľom hotela je Henry Kallan, slovenský rodák. | ||
| 610 | 2 | 0 | |a hotely |
| 610 | 2 | 0 | |a služby |
| 610 | 2 | 0 | |a kvalita |
| 610 | 2 | 0 | |a zákazníci |
| 610 | 2 | 0 | |a stránky webové |
| 610 | 2 | 0 | |a personál |
| 610 | 2 | 0 | |a Maďarsko |
| 100 | 1 | |a Kramárová, Zlatica | |